000 01040nam0a2200289 4500
001 RU\NLR\bibl\1712633
005 20260406082842.0
010 _a978-5-486-03714-6
_97300
021 _aRU
_b2010-88890
_95966
035 _a(NLR Aleph) 001703660
090 _a1236298
_c1236298
100 _a20101210d2010 |||y0rusy50 ca
101 0 _arus
102 _aRU
105 _aa |||||||||
200 1 _aБалканская кухня
_f[авт.-сост.: Деревянко Т.М.]
210 _aМосква
_cМир книги
_d2010
215 _a95 с.
_cцв. ил.
_d14
225 1 _a99 гениальных рецептов
606 1 _aБалканская кухня
_92254824
_3RU\NLR\auth\661352300
686 _aЛ997(3)Балканская
702 1 _4220
_8rus
_7ca
_aДеревянко
_bТ. М.
_cиздатель, популяризатор
_gТатьяна Михайловна
_3RU\NLR\auth\7748689
_931624
801 0 _aRU
_bNLR
_c20101210
_gRCR
801 1 _aRU
_bNLR
_c20101210
942 _cBOOK
980 _aNB